Newest States of America - Statistics

General Stats
  • This quiz has been taken 60 times
  • The average score is 14 of 16
Answer Stats
Answer % Correct
January 3, 1959 Alaska
100%
August 21, 1959 Hawaii
98%
February 14, 1912 Arizona
89%
January 6, 1912 New Mexico
89%
November 11, 1889 Washington
89%
August 1, 1876 Colorado
85%
July 3, 1890 Idaho
85%
November 8, 1889 Montana
85%
March 1, 1867 Nebraska
85%
January 4, 1896 Utah
85%
November 2, 1889 North/South Dakota
82%
November 16, 1907 Oklahoma
82%
October 31, 1864 Nevada
80%
July 10, 1890 Wyoming
80%
January 29, 1861 Kansas
75%
June 20, 1863 West Virginia
60%
No matching quizzes found
Score Distribution
Percent of People with Each Score
Percentile by Number Answered
Your Score History
You have not taken this quiz